| 000 | 00385nam a2200157Ia 4500 | ||
|---|---|---|---|
| 008 | 230917s9999||||xx |||||||||||||| ||und|| | ||
| 020 | _cRS450 | ||
| 040 |
_e23834 _aMAIN |
||
| 041 | _aEnglish | ||
| 082 | _a331.10954 C394L | ||
| 100 | _aChauhan, Sewa Singh | ||
| 245 | 0 | _aLabour welfare administration in India | |
| 260 |
_aDelhi _bKanishka _c1993 |
||
| 300 | _a338 p. | ||
| 942 | _cBK | ||
| 999 |
_c96111 _d96111 |
||